Study on manual weeder and its tillage in rice field, ការសិក្សាលើឧបករណ៍សំអាតស្មៅនិងជ្រួយបំផុសដីក្នុងស្រែ (Record no. 4238)

000 -LEADER
fixed length control field 00559nam a22001337a 4500
040 ## - CATALOGING SOURCE
Transcribing agency RUA
082 ## - DEWEY DECIMAL CLASSIFICATION NUMBER
Classification number ATM DUC 2009 B196 Or.1
100 ## - MAIN ENTRY--AUTHOR NAME
Personal name DUCH, SAMON.
245 ## - TITLE STATEMENT
Title Study on manual weeder and its tillage in rice field, ការសិក្សាលើឧបករណ៍សំអាតស្មៅនិងជ្រួយបំផុសដីក្នុងស្រែ
260 ## - PUBLICATION, DISTRIBUTION, ETC. (IMPRINT)
Place of publication Phnom Penh
Name of publisher RUA
Year of publication 2009
300 ## - PHYSICAL DESCRIPTION
Number of Pages xiii; 52p.
Other physical details ill.
Dimensions 29cm.
856 ## - ELECTRONIC LOCATION AND ACCESS
Uniform Resource Identifier https://drive.google.com/file/d/1R77Z5EzsuK0NAOpF1sTI7eEopxphxNXR/view?usp=sharing
942 ## - ADDED ENTRY ELEMENTS (KOHA)
Koha item type ANS
952 ## - LOCATION AND ITEM INFORMATION (KOHA)
Withdrawn status [LOCAL, KOHA] 0
952 ## - LOCATION AND ITEM INFORMATION (KOHA)
Withdrawn status [LOCAL, KOHA] 0
952 ## - LOCATION AND ITEM INFORMATION (KOHA)
Withdrawn status [LOCAL, KOHA] 0
952 ## - LOCATION AND ITEM INFORMATION (KOHA)
Withdrawn status [LOCAL, KOHA] 0
952 ## - LOCATION AND ITEM INFORMATION (KOHA)
Withdrawn status [LOCAL, KOHA] 0
952 ## - LOCATION AND ITEM INFORMATION (KOHA)
Withdrawn status [LOCAL, KOHA] 0
952 ## - LOCATION AND ITEM INFORMATION (KOHA)
Withdrawn status [LOCAL, KOHA] 0
952 ## - LOCATION AND ITEM INFORMATION (KOHA)
Withdrawn status [LOCAL, KOHA] 0
952 ## - LOCATION AND ITEM INFORMATION (KOHA)
Withdrawn status [LOCAL, KOHA] 0
952 ## - LOCATION AND ITEM INFORMATION (KOHA)
Withdrawn status [LOCAL, KOHA] 0
Holdings
Permanent Location Date acquired Koha item type Lost status Shelving location Barcode Current Location Full call number
Library Block B2015-12-08ANS B196RUA036782Library Block BATM DUC 2009 B196 Or.1
Library Block B2015-12-08ANS B196RUA039068Library Block BATM DUC 2009 B196 Or.2
Library Block B2015-12-08ANS B196RUA039035Library Block BATM DUC 2009 B196 Or.4
Library Block B2015-12-08ANS B196RUA039003Library Block BATM DUC 2009 B196 Or.5
Library Block B2015-12-08ANS B196RUA44350Library Block BATM DUC 2009 B196 Or.3
Library Block B2015-12-08ANS B196RUA043147Library Block BATM DUC 2009 B196 Or.6
Library Block B2015-12-08ANS B196RUA40854Library Block BATM DUC 2009 B196 Or.8
Library Block B2015-12-08ANS B196RUA41329Library Block BATM DUC 2009 B196 Or.9
Library Block B2015-12-08ANS B196RUA035336Library Block BATM DUC 2009 B196 Or.7
Library Block B2019-02-12ANS B1.218A36085Library Block BATM DUC 2009 B1.218 Or.1
មជ្ឈមណ្ឌលឯការនៃសាកលវិទ្យាល័យភូមិន្ទកសិកម្មចំការដូង

Powered by Koha